Formula one drivers line-up 2020 - Statistics

General Stats
  • This quiz has been taken 226 times
  • The average score is 19 of 24
Answer Stats
Constructor Rounds Driver Nationality % Correct
Mercedes 1-15, 17 Lewis Hamilton UK
91%
Alfa Romeo All Kimi Räikkönen Finland
89%
Mercedes All Valtteri Bottas Finland
86%
Alpha Tauri All Pierre Gasly France
85%
Alfa Romeo All Antonio Giovinazzi Italy
82%
Renault All Esteban Ocon France
82%
Ferrari All Sebastian Vettel Germany
82%
Red Bull All Alexander Albon Thailand
81%
McLaren All Carlos Sainz Jr. Spain
81%
Ferrari All Charles Leclerc Monaco
81%
Haas All Kevin Magnussen Denmark
81%
Red Bull All Max Verstappen Netherlands
81%
Racing point 4-5, 11 Nico Hülkenberg Germany
81%
Racing point 1-4, 6-17* Sergio Pérez Mexico
81%
Renault All Daniel Ricciardo Australia
80%
Mercedes 16 George Russell UK
80%
Williams 1-15, 17 George Russell UK
80%
Racing point All* Lance Stroll Canada
80%
McLaren All Lando Norris UK
80%
Alpha Tauri All Daniil Kvyat Russia
77%
Williams All Nicholas Latifi Canada
75%
Haas 1-15 Romain Grosjean France
75%
Haas 16-17 Pietro Fittipaldi Brazil
64%
Williams 16 Jack Aitken UK
57%
No matching quizzes found
Score Distribution
Percent of People with Each Score
Percentile by Number Answered
Your Score History
You have not taken this quiz